008680000a22002050004500003001100000005001700011008004100028040003900069041000800108082001600116100002100132100002200153245006000175260006100235300004100296505018500337650001900522650002800541856009300569LK-CoMWRAF20240503142625.0230817t1991 ||||| |||| 00| 0 eng d aLK-CoMWRAFdLK-CoMWRAFeLK-CoMWRAF aeng a305.42bBUN aBunch, Charlotte aCarrillo, Roxanna aGender violence: ba development and human rights issue aNew Jersey:bCenter for Women's Global Leadership,c1991 a41 p. ; 21 cmbBibliography included aIncludes papers on; Women's rights as human rights : toward a re-vision of human rights / Bunch, Charlotte Violence against women : an obstacle to development / Carrillo, Roxanna  aWomen's Rights aWomen, Violence against uhttps://www.cwgl.rutgers.edu/docman/cwgl-publications-video/285-gender-violence-eng/file